Estatísticas para Times da Superliga Argentina de Fútbol

Clique aqui para jogar o quiz

Estatísticas Gerais

  • Esse quiz foi jogado 46 vezes
  • A pontuação média é 18 de 24

Estatísticas das Respostas

Cidade Estádio Time % Correct
Cidade Autônoma de Buenos AiresAlberto José Armando (La Bombonera)Boca Juniors
100%
La Plata, BAJorge Luis HirschiEstudiantes
94%
Cidade Autônoma de Buenos AiresAntonio Vespucio Liberti (Monumental de Nuñez)River Plate
94%
Banfield, BAFlorencio SolaBanfield
92%
Avellaneda, BALibertadores de AméricaIndependiente
92%
Sarandí, BAJulio Humberto GrondonaArsenal
92%
Rosário, SFGigante de ArroyitoRosário Central
89%
Godoy Cruz, MEMalvinas ArgentinasGodoy Cruz
89%
Lanús, BACiudad de Lanús-Néstor Díaz PérezLanús
86%
Avellaneda, BAPresidente Perón (El Cilíndro)Racing
86%
San Miguel de Tucumán, TCMonumental José FierroAtlético Tucumán
83%
Cidade Autônoma de Buenos AiresJosé Amalfitani (El Fortín)Vélez Sarsfield
83%
Cidade Autônoma de Buenos AiresPedro Bidegain (Nuevo Gasómetro)San Lorenzo
78%
Rosário, SFColoso Marcelo BielsaNewell's Old Boys
69%
La Plata, BAJuan Carmelo ZerilloGimnasia
67%
Cidade Autônoma de Buenos AiresDiego Armando MaradonaArgentinos Juniors
67%
Córdoba, CDMario Alberto KempesTalleres
61%
Santiago del Estero, SEAlfredo TerreraCentral Córdoba
61%
Cidade Autônoma de Buenos AiresTomás Adolfo DucóHuracán
58%
Santa Fe, SFBrigadier General Estanislao LópezColón
56%
Florencio Varela, BANorberto TomaghelloDefensa y Justícia
56%
Santa Fe, SF15 de AbrilUnión
56%
Mar del Plata, BAJosé María MinellaAldosivi
42%
Paraná, ERPresbítero Bartolomé GrellaPatronato
36%

Distribuição das Pontuações

Percentil de Números Respondidos

Porcentagem de Pessoas com Cada Pontuação

Sua Pontuação Histórica

Você não jogou esse quiz